El volumen molecular del agua en los hidratos cristalizados. (Record no. 110256)

MARC details
000 -LEADER
campo de control de longitud fija 00733nam a2200205 4500
001 - NÚMERO DE CONTROL
campo de control 110256
003 - IDENTIFICADOR DE NÚMERO DE CONTROL
campo de control ES-MaACL
005 - FECHA Y HORA DE LA ÚLTIMA TRANSACCIÓN
campo de control 20230906185018.0
007 - CAMPO FIJO DE DESCRIPCIÓN FÍSICA--INFORMACIÓN GENERAL
campo de control de longitud fija t|
008 - DATOS DE LONGITUD FIJA--INFORMACIÓN GENERAL
campo de control de longitud fija 061121s1927 sp r ||||1| spa d
100 1# - ENTRADA PRINCIPAL--NOMBRE DE PERSONA
Nombre de persona Moles, Enrique (
Fechas asociadas al nombre 1883-1953)
9 (RLIN) 81864
245 13 - MENCIÓN DEL TÍTULO
Título El volumen molecular del agua en los hidratos cristalizados.
Número de parte o sección de la obra II,
Nombre de parte o sección de la obra Constitución de algunos sulfatos /
Mención de responsabilidad, etc. por E. Moles y M. Crespi.
260 ## - PUBLICACIÓN, DISTRIBUCIÓN, ETC.
Lugar de publicación, distribución, etc. Madrid :
Nombre del editor, distribuidor, etc. [s. n.],
Fecha de publicación, distribución, etc. 1927.
300 ## - DESCRIPCIÓN FÍSICA
Extensión 9 h. ;
Dimensiones 22 cm.
595 ## -
-- Tirada aparte de: Anales de la Sociedad Española de Física y Química, t. 25, p. 549-566.
650 #4 - PUNTO DE ACCESO ADICIONAL DE MATERIA--TÉRMINO DE MATERIA
Término de materia o nombre geográfico como elemento de entrada Cristalización.
9 (RLIN) 146002
650 #4 - PUNTO DE ACCESO ADICIONAL DE MATERIA--TÉRMINO DE MATERIA
Término de materia o nombre geográfico como elemento de entrada Sulfatos.
9 (RLIN) 172951
700 1# - ENTRADA AGREGADA--NOMBRE PERSONAL
Nombre de persona Crespi Jaume, Miguel.
9 (RLIN) 41507
852 ## - LOCALIZACIÓN
Ubicación ES-MaACL
Número de control de estantería 1717-F-9
Holdings
Estatus retirado Estado de pérdida Estado de daño No para préstamo Colección Biblioteca de origen Biblioteca actual Ubicación en estantería Fecha de adquisición Fuente de adquisición Total de préstamos Signatura topográfica completa Código de barras Visto por última vez Precio de reemplazo Tipo de ítem Koha
        Colección de folletos Biblioteca del Ateneo de Madrid Biblioteca del Ateneo de Madrid Depósito folletos 17/01/2008     1717-F-9 1115028 23/02/2023 23/02/2023 Folleto